And are we yet alive? : (Record no. 16826)
[ view plain ]
| 000 -LEADER | |
|---|---|
| fixed length control field | 00553nam a22001932 4500 |
| 001 - CONTROL NUMBER | |
| control field | 0000017535 |
| 003 - CONTROL NUMBER IDENTIFIER | |
| control field | OSt |
| 005 - DATE AND TIME OF LATEST TRANSACTION | |
| control field | 20140825164729.0 |
| 008 - FIXED-LENGTH DATA ELEMENTS--GENERAL INFORMATION | |
| fixed length control field | 091105s1986 xx 000 0 eng d |
| 040 ## - CATALOGING SOURCE | |
| Original cataloging agency | PUL |
| Transcribing agency | PUL |
| 050 ## - LIBRARY OF CONGRESS CALL NUMBER | |
| Classification number | BX8382.2 |
| Item number | .W55 1986 |
| 100 1# - MAIN ENTRY--PERSONAL NAME | |
| Personal name | Wilke, Richard B., |
| Dates associated with a name | 1930-. |
| 245 10 - TITLE STATEMENT | |
| Title | And are we yet alive? : |
| Remainder of title | the future of the United Methodist Church / |
| Statement of responsibility, etc | Richard B. Wilke. |
| 260 ## - PUBLICATION, DISTRIBUTION, ETC. (IMPRINT) | |
| Place of publication, distribution, etc | Nashville : |
| Name of publisher, distributor, etc | Abingdon Press, |
| Date of publication, distribution, etc | c1986. |
| 300 ## - PHYSICAL DESCRIPTION | |
| Extent | 124 p. ; |
| Dimensions | 23 cm. |
| 650 #0 - SUBJECT ADDED ENTRY--TOPICAL TERM | |
| Topical term or geographic name as entry element | Methodist Church. |
| 908 ## - PUT COMMAND PARAMETER (RLIN) | |
| Put command parameter | 091105 |
| 942 ## - ADDED ENTRY ELEMENTS (KOHA) | |
| Source of classification or shelving scheme | Library of Congress Classification |
| Koha item type | General circulation books |
| Withdrawn status | Lost status | Source of classification or shelving scheme | Damaged status | Not for loan | Home library | Current library | Date acquired | Source of acquisition | Total Checkouts | Full call number | Barcode | Date last seen | Price effective from | Koha item type |
|---|---|---|---|---|---|---|---|---|---|---|---|---|---|---|
| Library of Congress Classification | Presbyterian University of East Africa - Main Library | Presbyterian University of East Africa - Main Library | 26/12/2012 | Donation | BX8382.2 .W55 1986 | 020020003913 | 26/12/2012 | 26/12/2012 | General circulation books |
